000 00376nam a2200145Ia 4500
003 GCL
008 140319s9999 xx 000 0 eng d
040 _aGCL /
_cGCL
082 0 4 _a709.04
_bH E
100 1 _aHARRISON, CHARIES
245 1 0 _aENGLISH ART AND MODERNISM /
_cHARRISON, CHARIES
260 _a[S.N] :
_bNO SERIES
650 0 4 _aENGLISH AND MODERNISM
942 _2ddc
_cBK
999 _c25612
_d25612